| Tag |
First Indicator |
Second Indicator |
Subfields |
| LEADER |
00000cam a2200000 4500 |
| 001 |
in00000285021 |
| 005 |
20151010084017.0 |
| 008 |
730807s1973 njua 00110 eng d |
| 010 |
|
|
|a 72014025
|
| 020 |
|
|
|a 0691052123
|c $12.50
|
| 035 |
|
|
|a (OCoLC)00695132
|
| 035 |
|
|
|9 ABG1018AM
|
| 040 |
|
|
|a DLC
|c DLC
|d TXA
|d UtOrBLW
|
| 041 |
1 |
|
|a eng
|a ara
|
| 043 |
|
|
|a aw-----
|
| 049 |
|
|
|a TXAM
|c [1017376]
|
| 050 |
0 |
0 |
|a DS135.L4
|b G6
|
| 082 |
0 |
|
|a 915.6/06/924
|
| 100 |
1 |
|
|a Goitein, Shelomo Dov,
|d 1900-1985.
|
| 245 |
1 |
0 |
|a Letters of medieval Jewish traders /
|c Translated from the Arabic with introductions and notes by S. D. Goitein.
|
| 264 |
|
1 |
|a [Princeton, N.J.] :
|b Princeton University Press,
|c [1974]
|
| 264 |
|
4 |
|c [©1973]
|
| 300 |
|
|
|a xviii, 359 pages :
|b illustrations ;
|c 25 cm.
|
| 336 |
|
|
|a text
|b txt
|2 rdacontent
|
| 337 |
|
|
|a unmediated
|b n
|2 rdamedia
|
| 338 |
|
|
|a volume
|b nc
|2 rdacarrier
|
| 650 |
|
0 |
|a Jews
|z Middle East
|x History
|x Sources.
|
| 650 |
|
0 |
|a Jewish letters.
|
| 650 |
|
0 |
|a Jewish merchants.
|
| 650 |
|
0 |
|a Commerce
|x History
|x Sources.
|
| 650 |
|
0 |
|a Cairo Genizah.
|
| 999 |
|
|
|a MARS
|
| 999 |
f |
f |
|s c036cb45-b91e-3eaf-8374-cbdf33154642
|i dd92efa5-29a6-3d22-8ccc-963b2e72b1c9
|t 0
|
| 952 |
f |
f |
|p noncirc
|a Texas A&M University
|b College Station
|c Sterling C. Evans Library
|d Bodrum (located in Turkey)
|t 0
|e DS135.L4 G6
|h Library of Congress classification
|i unmediated -- volume
|
| 952 |
f |
f |
|p ric
|a Texas A&M University
|b Rellis Campus
|c Joint Library Facility
|d Remote Storage
|t 0
|e DS135.L4 G6
|h Library of Congress classification
|i unmediated -- volume
|m A14802036818
|
| 998 |
f |
f |
|a DS135.L4 G6
|t 0
|l Bodrum (located in Turkey)
|
| 998 |
f |
f |
|a DS135.L4 G6
|t 0
|l Remote Storage
|